Proposed changes to the Planning Act and the implications for retail mezzanines (Record no. 77589)

MARC details
000 -LEADER
fixed length control field 01254cab a2200205 4500
001 - CONTROL NUMBER
control field ##L134615
008 - FIXED-LENGTH DATA ELEMENTS--GENERAL INFORMATION
fixed length control field 060818n2006 000 0 eng u
035 ## - SYSTEM CONTROL NUMBER
System control number (Sirsi) u134615
041 0# - LANGUAGE CODE
Language code of text/sound track or separate title eng
100 1# - MAIN ENTRY--PERSONAL NAME
Personal name Hinds, Jeremy
245 00 - TITLE STATEMENT
Title Proposed changes to the Planning Act and the implications for retail mezzanines
Remainder of title a problem from nowhere
260 ## - PUBLICATION, DISTRIBUTION, ETC.
Date of publication, distribution, etc. 2006
490 #0 - SERIES STATEMENT
Series statement Journal of Retail and Leisure Property
Volume/sequential designation 5(2) 2006, 117-120(4)
520 ## - SUMMARY, ETC.
Summary, etc. There is a perception that there has been a sudden increase in new retail floor space at first-floor or mezzanine level as a result of planning decisions which support arguments that such floor space does not require planning permission. Critics of the retail industry argue that the current Planning Act creates a loophole that is exploited by retailers to the detriment of planning policy objectives that seek to encourage new retail investment in town centres. Examines whether this perception is supported by the facts, and whether there is need for legislative changes. [Taken from journal abstract].
590 ## - LOCAL NOTE (RLIN)
Local note IKA220806
650 24 - SUBJECT ADDED ENTRY--TOPICAL TERM
Topical term or geographic name entry element TOWN AND COUNTRY PLANNING ACT 1990 S55
651 #4 - SUBJECT ADDED ENTRY--GEOGRAPHIC NAME
Geographic name England and Wales
Chronological subdivision 1543-
690 ## - LOCAL SUBJECT ADDED ENTRY--TOPICAL TERM (OCLC, RLIN)
Topical term or geographic name as entry element PROPERTY-COMMERCIAL PROPERTY-RETAIL PROPERTY
942 ## - ADDED ENTRY ELEMENTS (KOHA)
Suppress in OPAC 0
Holdings
Withdrawn status Lost status Source of classification or shelving scheme Damaged status Not for loan Home library Current library Shelving location Date acquired Total Checkouts Full call number Barcode Date last seen Copy number Price effective from Koha item type
    Dewey Decimal Classification     London London Journal article 18/08/2006   L134615 134615-1001 06/08/2019 1 06/08/2019 Journal article